00664nam a22001337a 4500008004100000020001500041050002800056245029300084260004600377300002300423440003800446700002300484800002300507140902b xxu||||| |||| 00| 0 eng d a0406093091 aKD277.7.L39(1917 vol.2) aThe Law Reports (1917 vol.2) Kings Bench division: of the incorporated Council of law reporting Kings Bench division and on appeal therefrom in the Court of Appeal, decisions in the Court of criminal appeal and decisions of the Railway and Canal Commission. /cedited by Frederick Pollock aLondon:bButterworth and Co. Ltd.,c1917. axvii, 918p.:c24cm pKings Bench Division, 1917vvol 2 aPollock, Frederick aPollock, Frederick